000 03639cam a2200325 4500500
005 20250125171858.0
041 _afre
042 _adc
100 1 0 _aWantzen, Prany
_eauthor
700 1 0 _a Anger, Marine
_eauthor
700 1 0 _a Eustache, Francis
_eauthor
700 1 0 _a Guillery-Girard, Bérengère
_eauthor
245 0 0 _aLa mémoire autobiographique dans l’autisme : de l’enfant à l’âge adulte
260 _c2016.
500 _a32
520 _aLe fonctionnement de la mémoire autobiographique mobilise un nombre important de fonctions cognitives incluant notamment les fonctions exécutives, le langage, la cognition sociale, la conscience de soi, le traitement des émotions, les capacités perceptives. Du fait de cette complexité, elle se met en place tardivement au cours du développement. Elle comprend deux composantes : les souvenirs épisodiques et les connaissances sémantiques sur soi, le tout en étroite relation avec l’identité personnelle ou self. Dans l’autisme, la composante épisodique est perturbée à la fois chez les enfants et chez les adultes alors que la composante sémantique est affectée uniquement chez les enfants, avec un oubli progressif des connaissances personnelles, suggérant un défaut de sémantisation. Ceci pourrait être dû à un manque de réactivation et à un défaut de consolidation, liés aux troubles du langage et à un retard de développement du self, notamment en relation avec les difficultés d’interactions sociales. Ce retard pourrait se réduire à l’âge adulte. L’origine de ces difficultés est discutée au regard des théories cognitives majeures évoquées dans l’autisme et posent la question de savoir si cette identité atypique ne serait pas le résultat des particularités perceptives, cognitives et sociales observées dans l’autisme.
520 _aAutobiographical memory in autism: from childhood to adulthoodAutobiographical memory implicates many cognitive functions including executive functions, language, social cognition, self-consciousness, perceptual and emotional processes. Autobiographical memory can be separated into two components: episodic memories and personal semantic knowledge both closely related to the self. For these reasons, the development of autobiographical memory is very progressive from childhood to adulthood. In autism, the episodic component is impaired in both adults and children while the semantic one is affected only in children with an increased forgetting of personal semantic knowledge that suggests abnormal semantisation. These abnormalities may result from a lack of reactivation and consolidation associated with language difficulties, impoverished social interactions and delayed self-development. This developmental delay may be reduced in adulthood improving the production of semantic autobiographical knowledge. We last discuss the origins of these impairments in relation with the main cognitive theories of autism and develop the question of the rule of perceptual, cognitive and social specificities on the construction of the self.
690 _aautisme
690 _aidentité
690 _atrouble du spectre de l’autisme
690 _amémoire autobiographique
690 _adéveloppement
690 _aautism
690 _aidentity
690 _adevelopment
690 _aautobiographical memory
690 _aautism spectrum disorder
786 0 _nRevue de neuropsychologie | Volume 8 | 4 | 2016-12-27 | p. 269-276 | 2101-6739
856 4 1 _uhttps://shs.cairn.info/revue-de-neuropsychologie-2016-4-page-269?lang=fr&redirect-ssocas=7080
999 _c1028678
_d1028678